000 00576nam a2200205Ii 4500
003 JO-AjNU
008 230606s9999||||xx |||||||||||||| ||und||
020 _a978-13-135430-2
040 _aJO-AjNU
_beng
_erda
_cJO-AjNU
041 _aeng
050 1 4 _aQA76.9.M35.J63.2009
100 3 _ajohnsonbaugh,Richard,
_eauthor
_9771
245 0 0 _aDiscrete Mathematics
264 3 1 _aNEW JERSEY:Prentic hall,2009
300 _a552p
336 _atext
_btxt
_2rdacontent
337 _aunmediated
_bn
_2rdamedia
338 _avolume
_bnc
_2rdacarrier
650 4 _aDiscrete Mathematics
_9772
999 _aE407
_c407
_d407